Aftermath of banking crises effects on real and monetary variables

Gespeichert in:
Bibliographische Detailangaben
1. Verfasser: Gupta, Poonam
Format: Buch
Sprache:Englisch
Veröffentlicht: Washington International Monetary Fund 2000
Schriftenreihe:IMF Working Paper WP/00/96
Schlagworte:
Tags: Tag hinzufügen
Keine Tags, Fügen Sie das erste Tag hinzu!

MARC

LEADER 00000nam a2200000 4500
001 c124262
005 20221221081519.6
041 0 |a eng 
044 |a US 
245 1 0 |a Aftermath of banking crises  |b effects on real and monetary variables  |c Poonam Gupta 
264 1 |a Washington  |b International Monetary Fund  |c 2000 
300 |a 25 s. 
490 1 |a IMF Working Paper  |v WP/00/96 
830 0 |a IMF Working Paper  |v WP/00/96 
610 2 0 |a kríza banková 
610 2 0 |a kurz menový reálny 
610 2 0 |a peniaze 
610 2 0 |a banky 
100 1 |a Gupta, Poonam